|
|
|
|
| LEADER |
00954cam a2200241 7i4500 |
| 001 |
0000034112 |
| 005 |
20170223090000.0 |
| 008 |
110330 eng |
| 020 |
|
|
|a 0838909337 (pbk.)
|
| 020 |
|
|
|a 9780838909331 (pbk.)
|
| 090 |
0 |
0 |
|a Z678.88
|b .G76 2007
|
| 100 |
1 |
|
|a Greiner, Tony
|
| 245 |
1 |
0 |
|a Analyzing library collection use with Excel
|c Tony Greiner and Bob Cooper.
|
| 260 |
|
|
|a Chicago:
|b American Library Association,
|c 2007.
|
| 300 |
|
|
|a viii, 167 p.:
|b ill.;
|c 18 x 26 cm.
|
| 504 |
|
|
|a Includes bibliographical references and index
|
| 650 |
0 |
0 |
|a Libraries --
|x Circulation analysis --
|x Data processing
|
| 650 |
0 |
0 |
|a Collection management (Libraries) --
|x Data processing
|
| 650 |
0 |
0 |
|a Library use studies
|
| 700 |
1 |
|
|a Cooper, Bob
|
| 997 |
|
|
|a Communication, Visual Art & Computing, Faculty
|b Communication, Department
|
| 998 |
|
|
|a Library Science, Diploma
|
| 999 |
|
|
|a 0000047130
|b BOK
|c OPEN SHELF
|e 2nd Floor, Bestari Jaya
|